Statistics for Ultimate Metal Bands

Click here to take the quiz!

General Stats

  • This quiz has been taken 180 times
    (158 since last reset)
  • The average score is 140 of 500

Answer Stats

Album GenreListeners (Last.fm)CountryInfluential AlbumAlbum YearAnswer% Correct
Alternative Metal4,265,796๐Ÿ‡บ๐Ÿ‡ธToxicity2001System of a Down
96%
Thrash Metal3,759,980๐Ÿ‡บ๐Ÿ‡ธMaster of Puppets1986Metallica
93%
Hard Rock3,497,874๐Ÿ‡ฆ๐Ÿ‡บBack in Black1980AC/DC
89%
Nu Metal3,014,414๐Ÿ‡บ๐Ÿ‡ธIowa2001Slipknot
89%
Doom Metal3,163,431๐Ÿ‡ฌ๐Ÿ‡งParanoid1970Black Sabbath
85%
Nu Metal3,108,649๐Ÿ‡บ๐Ÿ‡ธFollow the Leader1998Korn
85%
Alternative Rock5,609,077๐Ÿ‡บ๐Ÿ‡ธCalifornication1999Red Hot Chili Peppers
85%
Grunge5,576,831๐Ÿ‡บ๐Ÿ‡ธNevermind1991Nirvana
83%
Alternative Rock6,005,337๐Ÿ‡ฌ๐Ÿ‡งOK Computer1997Radiohead
83%
Heavy Metal2,530,240๐Ÿ‡ฌ๐Ÿ‡งThe Number of the Beast1982Iron Maiden
80%
Thrash Metal1,754,468๐Ÿ‡บ๐Ÿ‡ธRust in Peace1990Megadeth
80%
Alternative Metal2,569,631๐Ÿ‡บ๐Ÿ‡ธWhite Pony2000Deftones
78%
Heavy Metal1,663,625๐Ÿ‡ฌ๐Ÿ‡งPainkiller1990Judas Priest
78%
Speed Metal1,845,902๐Ÿ‡ฌ๐Ÿ‡งOverkill1979Motรถrhead
78%
Groove Metal1,875,550๐Ÿ‡บ๐Ÿ‡ธVulgar Display of Power1992Pantera
78%
Progressive Rock4,061,467๐Ÿ‡ฌ๐Ÿ‡งThe Dark Side of the Moon1973Pink Floyd
78%
Grunge2,443,705๐Ÿ‡บ๐Ÿ‡ธDirt1992Alice in Chains
76%
Hard Rock4,003,442๐Ÿ‡บ๐Ÿ‡ธAppetite for Destruction1987Guns N' Roses
76%
Nu Metal4,957,932๐Ÿ‡บ๐Ÿ‡ธHybrid Theory2000Linkin Park
76%
Rap Metal3,380,189๐Ÿ‡บ๐Ÿ‡ธEvil Empire1996Rage Against the Machine
76%
Thrash Metal1,750,398๐Ÿ‡บ๐Ÿ‡ธReign in Blood1986Slayer
76%
Death Metal569,914๐Ÿ‡บ๐Ÿ‡ธTomb of the Mutilated1992Cannibal Corpse
74%
Heavy Metal1,168,821๐Ÿ‡บ๐Ÿ‡ธHoly Diver1983Dio
74%
Heavy Metal2,240,715๐Ÿ‡ฌ๐Ÿ‡งBlizzard of Ozz1980Ozzy Osbourne
74%
Hard Rock5,390,085๐Ÿ‡ฌ๐Ÿ‡งA Night at the Opera1975Queen
74%
Alternative Metal1,971,793๐Ÿ‡บ๐Ÿ‡ธLateralus2001Tool
74%
Thrash Metal1,026,884๐Ÿ‡บ๐Ÿ‡ธAmong the Living1987Anthrax
72%
Glam Metal1,442,407๐Ÿ‡บ๐Ÿ‡ธShout at the Devil1983Mรถtley Crรผe
72%
Industrial Metal2,250,925๐Ÿ‡ฉ๐Ÿ‡ชMutter2001Rammstein
72%
Hard Rock3,732,804๐Ÿ‡ฌ๐Ÿ‡ง... ........ IV1971Led Zeppelin
70%
Grunge2,354,088๐Ÿ‡บ๐Ÿ‡ธSuperunknown1994Soundgarden
70%
Black Metal413,929๐Ÿ‡ณ๐Ÿ‡ดDe mysteriis dom Sathanas1994Mayhem
67%
Glam Metal3,071,238๐Ÿ‡บ๐Ÿ‡ธSlippery When Wet1986Bon Jovi
65%
Technical Death Metal705,568๐Ÿ‡บ๐Ÿ‡ธSymbolic1995Death
65%
Glam Metal1,412,997๐Ÿ‡ฌ๐Ÿ‡งHysteria1987Def Leppard
65%
Heavy Metal930,999๐Ÿ‡ธ๐Ÿ‡ชMeliora2015Ghost
65%
Grunge3,285,622๐Ÿ‡บ๐Ÿ‡ธTen1991Pearl Jam
65%
Hard Rock2,217,544๐Ÿ‡บ๐Ÿ‡ธDestroyer1976KISS
63%
Nu Metal2,825,160๐Ÿ‡บ๐Ÿ‡ธSignificant Other1999Limp Bizkit
63%
Hard Rock2,118,794๐Ÿ‡ฉ๐Ÿ‡ชLove at First Sting1984Scorpions
63%
Thrash Metal1,052,845๐Ÿ‡ง๐Ÿ‡ทArise1991Sepultura
63%
Progressive Rock861,359๐Ÿ‡ฌ๐Ÿ‡งIn the Court of the Crimson King1969King Crimson
61%
Progressive Death Metal954,140๐Ÿ‡ธ๐Ÿ‡ชBlackwater Park2001Opeth
61%
Hard Rock3,608,655๐Ÿ‡บ๐Ÿ‡ธToys in the Attic1975Aerosmith
59%
Hard Rock2,486,846๐Ÿ‡ฌ๐Ÿ‡งMachine Head1972Deep Purple
59%
Progressive Metal1,172,187๐Ÿ‡บ๐Ÿ‡ธOctavarium2005Dream Theater
59%
Grindcore381,876๐Ÿ‡ฌ๐Ÿ‡งScum1987Napalm Death
59%
Metalcore1,837,170๐Ÿ‡ฌ๐Ÿ‡งSempiternal2013Bring Me the Horizon
57%
Heavy Metal696,195๐Ÿ‡บ๐Ÿ‡ธKings of Metal1988Manowar
57%
Progressive Metal1,006,847๐Ÿ‡บ๐Ÿ‡ธCrack the Skye2009Mastodon
57%
Heavy Metal2,094,305๐Ÿ‡บ๐Ÿ‡ธCity of Evil2005Avenged Sevenfold
54%
Nu Metal2,774,308๐Ÿ‡บ๐Ÿ‡ธThe Sickness2000Disturbed
54%
Progressive Death Metal667,407๐Ÿ‡ซ๐Ÿ‡ทFrom Mars to Sirius2005Gojira
54%
Power Metal762,355๐Ÿ‡ฉ๐Ÿ‡ชKeeper of the Seven Keys Part I1987Helloween
54%
Thrash Metal549,421๐Ÿ‡ฉ๐Ÿ‡ชPleasure to Kill1986Kreator
54%
Alternative Rock4,861,300๐Ÿ‡ฌ๐Ÿ‡งOrigin of Symmetry2001Muse
54%
Power Metal606,670๐Ÿ‡ธ๐Ÿ‡ชCarolus Rex2012Sabaton
54%
Hard Rock2,295,426๐Ÿ‡บ๐Ÿ‡ธ19841984Van Halen
54%
Atmospheric Black Metal465,914๐Ÿ‡ณ๐Ÿ‡ดFilosofem1996Burzum
52%
Black Metal329,537๐Ÿ‡ณ๐Ÿ‡ดA Blaze in the Northern Sky1992Darkthrone
52%
Groove Metal1,020,864๐Ÿ‡บ๐Ÿ‡ธBurn My Eyes1994Machine Head
52%
Industrial Metal2,595,422๐Ÿ‡บ๐Ÿ‡ธAntichrist Superstar1996Marilyn Manson
52%
Djent565,272๐Ÿ‡ธ๐Ÿ‡ชCatch Thirtythree2005Meshuggah
52%
Stoner Metal342,261๐Ÿ‡บ๐Ÿ‡ธDopesmoker2003Sleep
52%
Gothic Metal683,738๐Ÿ‡บ๐Ÿ‡ธBloody Kisses1993Type O Negative
52%
Doom Metal257,253๐Ÿ‡ธ๐Ÿ‡ชEpicus Doomicus Metallicus1986Candlemass
50%
Alternative Metal2,957,847๐Ÿ‡บ๐Ÿ‡ธFallen2003Evanescence
50%
Death Metal358,280๐Ÿ‡บ๐Ÿ‡ธAltars of Madness1989Morbid Angel
50%
Heavy Metal610,990๐Ÿ‡ฉ๐Ÿ‡ชBalls to the Wall1983Accept
48%
Glam Metal1,682,887๐Ÿ‡บ๐Ÿ‡ธTrash1989Alice Cooper
48%
Power Metal736,181๐Ÿ‡ฉ๐Ÿ‡ชNightfall in Middle-Earth1998Blind Guardian
48%
Melodic Death Metal392,765๐Ÿ‡ฌ๐Ÿ‡งHeartwork1993Carcass
48%
Heavy Metal289,930๐Ÿ‡ฉ๐Ÿ‡ฐAbigail1987King Diamond
48%
Thrash Metal324,126๐Ÿ‡บ๐Ÿ‡ธHorrorscope1991Overkill
48%
Progressive Metal530,983๐Ÿ‡บ๐Ÿ‡ธOperation: Mindcrime1988Queensrรฟche
48%
Heavy Metal488,384๐Ÿ‡ฌ๐Ÿ‡งWheels of Steel1980Saxon
48%
Thrash Metal708,453๐Ÿ‡บ๐Ÿ‡ธThe Legacy1987Testament
48%
Hard Rock3,251,374๐Ÿ‡ฌ๐Ÿ‡งWho's Next1971The Who
48%
Speed Metal389,997๐Ÿ‡ฌ๐Ÿ‡งWelcome to Hell1981Venom
48%
Blackened Death Metal502,479๐Ÿ‡ต๐Ÿ‡ฑDemigod2004Behemoth
46%
Melodic Death Metal1,060,059๐Ÿ‡ซ๐Ÿ‡ฎFollow the Reaper2000Children of Bodom
46%
Symphonic Black Metal666,704๐Ÿ‡ฌ๐Ÿ‡งCruelty and the Beast1998Cradle of Filth
46%
Symphonic Black Metal344,952๐Ÿ‡ณ๐Ÿ‡ดAnthems to the Welkin at Dusk1997Emperor
46%
Thrash Metal458,871๐Ÿ‡บ๐Ÿ‡ธBonded by Blood1985Exodus
46%
Heavy Metal277,358๐Ÿ‡ฉ๐Ÿ‡ฐDon't Break the Oath1984Mercyful Fate
46%
Crossover Thrash105,019๐Ÿ‡บ๐Ÿ‡ธSpeak English or Die1985S.O.D.
46%
Heavy Metal573,922๐Ÿ‡บ๐Ÿ‡ธThe Crimson Idol1992W.A.S.P.
46%
Groove Metal690,120๐Ÿ‡บ๐Ÿ‡ธAstro-Creep: 2000 - Songs of Love, Destruction and Other Synthetic Delusions of the Electric Head1995White Zombie
46%
Black Metal319,651๐Ÿ‡ธ๐Ÿ‡ชBlood Fire Death1988Bathory
43%
Symphonic Black Metal569,353๐Ÿ‡ณ๐Ÿ‡ดEnthrone Darkness Triumphant1997Dimmu Borgir
43%
Death Metal260,964๐Ÿ‡ธ๐Ÿ‡ชClandestine1991Entombed
43%
Alternative Rock4,879,947๐Ÿ‡บ๐Ÿ‡ธThe Colour and the Shape1997Foo Fighters
43%
Melodic Death Metal1,342,485๐Ÿ‡ธ๐Ÿ‡ชClayman2000In Flames
43%
Industrial Metal2,669,669๐Ÿ‡บ๐Ÿ‡ธThe Downward Spiral1994Nine Inch Nails
43%
Death Metal105,531๐Ÿ‡บ๐Ÿ‡ธSeven Churches1985Possessed
43%
Hard Rock1,121,061๐Ÿ‡ฌ๐Ÿ‡งRising1976Rainbow
43%
Progressive Rock1,434,670๐Ÿ‡จ๐Ÿ‡ฆMoving Pictures1981Rush
43%
Heavy Metal260,918๐Ÿ‡บ๐Ÿ‡ธHall of the Mountain King1987Savatage
43%
Heavy Metal915,349๐Ÿ‡บ๐Ÿ‡ธSlave to the Grind1991Skid Row
43%
Thrash Metal315,842๐Ÿ‡ฉ๐Ÿ‡ชAgent Orange1989Sodom
43%
Industrial Metal1,307,102๐Ÿ‡บ๐Ÿ‡ธWisconsin Death Trip1999Static-X
43%
Crossover Thrash539,741๐Ÿ‡บ๐Ÿ‡ธLights Camera Revolution1990Suicidal Tendencies
43%
Glam Metal1,035,261๐Ÿ‡บ๐Ÿ‡ธStay Hungry1984Twisted Sister
43%
Avant-Garde Metal283,215๐Ÿ‡จ๐Ÿ‡ญInto the Pandemonium1987Celtic Frost
41%
Death Metal287,534๐Ÿ‡บ๐Ÿ‡ธLegion1992Deicide
41%
Heavy Metal223,797๐Ÿ‡ฌ๐Ÿ‡งLightning to the Nations1980Diamond Head
41%
Industrial Metal754,809๐Ÿ‡บ๐Ÿ‡ธDemanufacture1995Fear Factory
41%
Groove Metal1,177,509๐Ÿ‡บ๐Ÿ‡ธAshes of the Wake2004Lamb of God
41%
Alternative Rock2,963,032๐Ÿ‡บ๐Ÿ‡ธ...Like Clockwork2013Queens of the Stone Age
41%
Industrial Metal1,591,637๐Ÿ‡บ๐Ÿ‡ธHellbilly Deluxe1998Rob Zombie
41%
Progressive Rock1,466,228๐Ÿ‡ฌ๐Ÿ‡งClose to the Edge1972Yes
41%
Melodic Death Metal697,757๐Ÿ‡ธ๐Ÿ‡ชTwilight of the Thunder God2008Amon Amarth
39%
Technical Thrash Metal374,035๐Ÿ‡จ๐Ÿ‡ฆAlice in Hell1989Annihilator
39%
Melodic Death Metal382,259๐Ÿ‡ธ๐Ÿ‡ชSlaughter of the Soul1995At the Gates
39%
Melodic Black Metal249,253๐Ÿ‡ธ๐Ÿ‡ชStorm of the Light's Bane1995Dissection
39%
Power Metal881,672๐Ÿ‡ฌ๐Ÿ‡งInhuman Rampage2006DragonForce
39%
Stoner Metal365,724๐Ÿ‡ฌ๐Ÿ‡งDopethrone2000Electric Wizard
39%
Alternative Metal1,469,855๐Ÿ‡บ๐Ÿ‡ธAngel Dust1992Faith No More
39%
Industrial Metal707,417๐Ÿ‡บ๐Ÿ‡ธฮšฮ•ฮฆฮ‘ฮ›ฮ—ฮžฮ˜ [Psalm 69]1992Ministry
39%
Nu Metal2,893,584๐Ÿ‡บ๐Ÿ‡ธInfest2000Papa Roach
39%
Hard Rock1,265,769๐Ÿ‡ฎ๐Ÿ‡ชJailbreak1976Thin Lizzy
39%
Thrash Metal101,725๐Ÿ‡บ๐Ÿ‡ธDarkness Descends1986Dark Angel
37%
Progressive Rock1,638,559๐Ÿ‡ฌ๐Ÿ‡งSelling England by the Pound1973Genesis
37%
Black Metal326,808๐Ÿ‡ณ๐Ÿ‡ดAt the Heart of Winter1999Immortal
37%
Progressive Rock1,248,802๐Ÿ‡ฌ๐Ÿ‡งAqualung1971Jethro Tull
37%
Black Metal225,637๐Ÿ‡ธ๐Ÿ‡ชPanzer Division ......1999Marduk
37%
Trip Hop2,912,290๐Ÿ‡ฌ๐Ÿ‡งMezzanine1998Massive Attack
37%
Symphonic Metal1,514,605๐Ÿ‡ซ๐Ÿ‡ฎOnce2004Nightwish
37%
Funk Metal886,452๐Ÿ‡บ๐Ÿ‡ธSailing the Seas of Cheese1991Primus
37%
Brutal Death Metal197,168๐Ÿ‡บ๐Ÿ‡ธPierced From Within1995Suffocation
37%
Alternative Rock3,576,923๐Ÿ‡บ๐Ÿ‡ธSiamese Dream1993The Smashing Pumpkins
37%
Technical Thrash Metal174,326๐Ÿ‡จ๐Ÿ‡ฆKilling Technology1987Voivod
37%
Folk Metal369,171๐Ÿ‡ฌ๐Ÿ‡งCaptain Morgan's Revenge2008Alestorm
35%
Melodic Death Metal494,237๐Ÿ‡ซ๐Ÿ‡ฎTales From the Thousand Lakes1994Amorphis
35%
Death Metal123,462๐Ÿ‡บ๐Ÿ‡ธMental Funeral1991Autopsy
35%
Trance Metal398,094๐Ÿ‡ฏ๐Ÿ‡ตMetal Resistance2016BABYMETAL
35%
Death Metal218,195๐Ÿ‡ฌ๐Ÿ‡งThe IVth Crusade1992Bolt Thrower
35%
Brutal Death Metal188,265๐Ÿ‡จ๐Ÿ‡ฆNone So Vile1996Cryptopsy
35%
Heavy Metal861,877๐Ÿ‡บ๐Ÿ‡ธD..... II: Lucifuge1990Danzig
35%
Stoner Metal338,205๐Ÿ‡บ๐Ÿ‡ธNOLA1995Down
35%
Hard Rock619,923๐Ÿ‡บ๐Ÿ‡ธSurfing With the Alien1987Joe Satriani
35%
Alternative Metal577,890๐Ÿ‡ธ๐Ÿ‡ชThe Great Cold Distance2006Katatonia
35%
Death Metal276,956๐Ÿ‡บ๐Ÿ‡ธCause of Death1990Obituary
35%
Death Doom Metal474,426๐Ÿ‡ฌ๐Ÿ‡งGothic1991Paradise Lost
35%
Heavy Metal249,293๐Ÿ‡ฉ๐Ÿ‡ชDeath or Glory1989Running Wild
35%
Industrial Metal314,122๐Ÿ‡จ๐Ÿ‡ฆCity1997Strapping Young Lad
35%
Hard Rock1,367,471๐Ÿ‡ฌ๐Ÿ‡งSlide It In1984Whitesnake
35%
Blackgaze355,833๐Ÿ‡ซ๐Ÿ‡ทร‰cailles de Lune2010Alcest
33%
Symphonic Metal1,393,928๐Ÿ‡ซ๐Ÿ‡ฎPlays Metallica by Four Cellos1996Apocalyptica
33%
Hard Rock1,556,918๐Ÿ‡บ๐Ÿ‡ธSecret Treaties1974Blue ร–yster Cult
33%
Melodic Metalcore2,043,669๐Ÿ‡ฌ๐Ÿ‡งThe Poison2005Bullet for My Valentine
33%
Melodic Death Metal507,574๐Ÿ‡ธ๐Ÿ‡ชThe Gallery1995Dark Tranquillity
33%
Blackgaze342,658๐Ÿ‡บ๐Ÿ‡ธSunbather2013Deafheaven
33%
Death Metal137,956๐Ÿ‡ธ๐Ÿ‡ชLike an Ever Flowing Stream1991Dismember
33%
Symphonic Metal606,463๐Ÿ‡ณ๐Ÿ‡ฑThe Divine Conspiracy2007Epica
33%
Trip Hop4,957,515๐Ÿ‡ฌ๐Ÿ‡งDemon Days2005Gorillaz
33%
Stoner Metal616,570๐Ÿ‡บ๐Ÿ‡ธK.... [Welcome to Sky Valley]1994Kyuss
33%
Nu Metal1,266,767๐Ÿ‡บ๐Ÿ‡ธL.D. 502000Mudvayne
33%
Brutal Death Metal306,662๐Ÿ‡บ๐Ÿ‡ธAnnihilation of the Wicked2005Nile
33%
Death Metal103,106๐Ÿ‡ณ๐Ÿ‡ฑConsuming Impulse1989Pestilence
33%
Power Metal185,369๐Ÿ‡บ๐Ÿ‡ธThunderSteel1988Riot
33%
Melodic Death Metal760,379๐Ÿ‡ธ๐Ÿ‡ชDoomsday Machine2005Arch Enemy
30%
Thrash Metal71,369๐Ÿ‡ฉ๐Ÿ‡ฐBy Inheritance1990Artillery
30%
Progressive Death Metal126,182๐Ÿ‡บ๐Ÿ‡ธUnquestionable Presence1991Atheist
30%
Technical Thrash Metal91,995๐Ÿ‡จ๐Ÿ‡ญMental Vortex1991Coroner
30%
Progressive Metal295,365๐Ÿ‡จ๐Ÿ‡ฆZiltoid the Omniscient2007Devin Townsend
30%
Progressive Metal201,742๐Ÿ‡จ๐Ÿ‡ฆEpicloud2012Devin Townsend Project
30%
Progressive Black Metal250,497๐Ÿ‡ณ๐Ÿ‡ดIsa2004Enslaved
30%
Groove Metal1,254,361๐Ÿ‡บ๐Ÿ‡ธThe Way of the Fist2007Five Finger Death Punch
30%
Avant-Garde Metal110,070๐Ÿ‡จ๐Ÿ‡ฆObscura1998Gorguts
30%
Black Metal92,464๐Ÿ‡ต๐Ÿ‡ฑExercises in Futility2015Mgล‚a
30%
Death Doom Metal325,838๐Ÿ‡ฌ๐Ÿ‡งTurn Loose the Swans1993My Dying Bride
30%
Post-Metal281,548๐Ÿ‡บ๐Ÿ‡ธThrough Silver in Blood1996Neurosis
30%
Doom Metal202,411๐Ÿ‡บ๐Ÿ‡ธDay of Reckoning1987Pentagram
30%
Djent252,269๐Ÿ‡บ๐Ÿ‡ธJuggernaut: Alpha2015Periphery
30%
Glam Metal225,851๐Ÿ‡บ๐Ÿ‡ธFeel the Steel2009Steel Panther
30%
Progressive Metal74,907๐Ÿ‡จ๐Ÿ‡ฆAccelerated Evolution2003The Devin Townsend Band
30%
Hard Rock716,103๐Ÿ‡ฌ๐Ÿ‡งDemons and Wizards1972Uriah Heep
30%
Technical Thrash Metal82,791๐Ÿ‡บ๐Ÿ‡ธTerminal Redux2016Vektor
30%
Heavy Metal440,702๐Ÿ‡ธ๐Ÿ‡ชRising Force1984Yngwie Malmsteen
30%
Atmospheric Black Metal126,042๐Ÿ‡ซ๐Ÿ‡ทUltima Thulรฉe1995Blut Aus Nord
28%
Heavy Metal50,053๐Ÿ‡บ๐Ÿ‡ธKing of the Dead1984Cirith Ungol
28%
Nu Metal578,885๐Ÿ‡บ๐Ÿ‡ธChamber Music1999Coal Chamber
28%
Mathcore498,968๐Ÿ‡บ๐Ÿ‡ธJane Doe2001Converge
28%
Melodic Black Metal199,888๐Ÿ‡ธ๐Ÿ‡ชThe Secrets of the Black Arts1996Dark Funeral
28%
Thrash Metal224,163๐Ÿ‡บ๐Ÿ‡ธThe Ultra-Violence1987Death Angel
28%
Black Metal225,925๐Ÿ‡ณ๐Ÿ‡ดPentagram1994Gorgoroth
28%
Power Metal615,841๐Ÿ‡ธ๐Ÿ‡ชGlory to the Brave1997HammerFall
28%
Power Metal536,199๐Ÿ‡บ๐Ÿ‡ธBurnt Offerings1995Iced Earth
28%
Death Metal125,872๐Ÿ‡บ๐Ÿ‡ธClose to a World Below2000Immolation
28%
Death Metal80,936๐Ÿ‡บ๐Ÿ‡ธOnward to Golgotha1992Incantation
28%
Post-Metal480,255๐Ÿ‡บ๐Ÿ‡ธPanopticon2004Isis
28%
Gothic Metal886,839๐Ÿ‡ฎ๐Ÿ‡นComalies2002Lacuna Coil
28%
Progressive Rock990,673๐Ÿ‡ฌ๐Ÿ‡งTubular Bells1973Mike Oldfield
28%
Death Metal109,716๐Ÿ‡ฉ๐Ÿ‡ชCosmogenesis2009Obscura
28%
Heavy Metal57,372๐Ÿ‡ฌ๐Ÿ‡งCourt in the Act1983Satan
28%
Black Metal334,027๐Ÿ‡ณ๐Ÿ‡ดNemesis Divina1996Satyricon
28%
Symphonic Metal423,032๐Ÿ‡ธ๐Ÿ‡ชVovin1998Therion
28%
Alternative Rock2,744,658๐Ÿ‡จ๐Ÿ‡ฆOne-X2006Three Days Grace
28%
Gothic Metal329,326๐Ÿ‡ธ๐Ÿ‡ชWildhoney1994Tiamat
28%
Black Metal469,068๐Ÿ‡ณ๐Ÿ‡ดBergtatt: Et eeventyr i 5 capitler1995Ulver
28%
Melodic Black Metal105,013๐Ÿ‡ณ๐Ÿ‡ด11842001Windir
28%
Hard Rock530,782๐Ÿ‡ฆ๐Ÿ‡บRunnin' Wild2007Airbourne
26%
Gothic Metal628,337๐Ÿ‡ฌ๐Ÿ‡งAlternative 41998Anathema
26%
Speed Metal126,958๐Ÿ‡จ๐Ÿ‡ฆMetal on Metal1982Anvil
26%
Progressive Metal330,383๐Ÿ‡ณ๐Ÿ‡ฑThe Human Equation2004Ayreon
26%
Black Metal94,811๐Ÿ‡ต๐Ÿ‡ฑะ›ะธั‚ะพัƒั€ะณะธiะฐ (Litourgiya)2015Batushka
26%
Alternative Rock3,605,352๐Ÿ‡ฌ๐Ÿ‡ง131999Blur
26%
Progressive Death Metal216,762๐Ÿ‡บ๐Ÿ‡ธFocus1993Cynic
26%
Atmospheric Black Metal56,510๐Ÿ‡จ๐Ÿ‡ญDark ..... III2008Darkspace
26%
Technical Death Metal50,980๐Ÿ‡ซ๐Ÿ‡ฎNespithe1993Demilich
26%
Thrash Metal224,481๐Ÿ‡ฉ๐Ÿ‡ชEternal Devastation1986Destruction
26%
Glam Metal347,042๐Ÿ‡บ๐Ÿ‡ธUnder Lock and Key1985Dokken
26%
Brutal Death Metal223,291๐Ÿ‡บ๐Ÿ‡ธDestroy the Opposition2000Dying Fetus
26%
Progressive Death Metal99,157๐Ÿ‡ธ๐Ÿ‡ชCrimson1996Edge of Sanity
26%
Glam Metal830,396๐Ÿ‡บ๐Ÿ‡ธII Pornograffitti1990Extreme
26%
Industrial Metal175,286๐Ÿ‡ฌ๐Ÿ‡งStreetcleaner1989Godflesh
26%
Alternative Metal1,675,678๐Ÿ‡บ๐Ÿ‡ธFaceless2003Godsmack
26%
Folk Metal500,120๐Ÿ‡ซ๐Ÿ‡ฎTales Along This Road2006Korpiklaani
26%
Technical Death Metal183,992๐Ÿ‡ฉ๐Ÿ‡ชEpitaph2004Necrophagist
26%
Progressive Rock926,726๐Ÿ‡ฌ๐Ÿ‡งIn Absentia2002Porcupine Tree
26%
Pagan Black Metal148,284๐Ÿ‡ฎ๐Ÿ‡ชTo the Nameless Dead2007Primordial
26%
Melodic Black Metal209,409๐Ÿ‡ฌ๐Ÿ‡ทTheogonia2007Rotting Christ
26%
Doom Metal116,691๐Ÿ‡บ๐Ÿ‡ธBorn Too Late1986Saint Vitus
26%
Avant-Garde Metal94,122๐Ÿ‡ฏ๐Ÿ‡ตImaginary Sonicscape2001Sigh
26%
Progressive Rock268,699๐Ÿ‡ฌ๐Ÿ‡งThe Raven That Refused to Sing (And Other Stories)2013Steven Wilson
26%
Deathgrind104,473๐Ÿ‡บ๐Ÿ‡ธWorld Downfall1989Terrorizer
26%
Mathcore524,728๐Ÿ‡บ๐Ÿ‡ธCalculating Infinity1999The Dillinger Escape Plan
26%
Melodic Metalcore1,152,897๐Ÿ‡บ๐Ÿ‡ธAscendancy2005Trivium
26%
Atmospheric Black Metal168,287๐Ÿ‡บ๐Ÿ‡ธTwo Hunters2007Wolves in the Throne Room
26%
Folk Metal376,866๐Ÿ‡บ๐Ÿ‡ธThe Mantle2002Agalloch
24%
Alternative Rock1,809,800๐Ÿ‡บ๐Ÿ‡ธMer de Noms2000A Perfect Circle
24%
Avant-Garde Metal166,811๐Ÿ‡ณ๐Ÿ‡ดThe Sham Mirrors2002Arcturus
24%
Death Metal275,911๐Ÿ‡ธ๐Ÿ‡ชNightmares Made Flesh2004Bloodbath
24%
Darksynth343,900๐Ÿ‡ซ๐Ÿ‡ทLeather Teeth2018Carpenter Brut
24%
Progressive Metal135,531๐Ÿ‡บ๐Ÿ‡ธAwaken the Guardian1986Fates Warning
24%
Folk Metal405,019๐Ÿ‡ซ๐Ÿ‡ฎNattfรถdd2004Finntroll
24%
Crossover Thrash187,860๐Ÿ‡บ๐Ÿ‡ธScumdogs of the Universe1990GWAR
24%
Melodic Metalcore1,374,783๐Ÿ‡บ๐Ÿ‡ธThe End of Heartache2004Killswitch Engage
24%
Stoner Metal537,885๐Ÿ‡บ๐Ÿ‡ธHoudini1993Melvins
24%
Heavy Metal188,520๐Ÿ‡บ๐Ÿ‡ธThe Dark1986Metal Church
24%
Gothic Metal372,203๐Ÿ‡ต๐Ÿ‡นIrreligious1996Moonspell
24%
Industrial Metal448,568๐Ÿ‡ธ๐Ÿ‡ชNothing Remains the Same2002Pain
24%
Darksynth318,308๐Ÿ‡ซ๐Ÿ‡ทDangerous Days2014Perturbator
24%
Crossover Thrash120,528๐Ÿ‡บ๐Ÿ‡ธNightmare Logic2017Power Trip
24%
Power Metal241,526๐Ÿ‡ฎ๐Ÿ‡นSymphony of Enchanted Lands1998Rhapsody of Fire
24%
Atmospheric Black Metal207,913๐Ÿ‡ธ๐Ÿ‡ชV - Halmstad (Niklas Angรฅende Niklas)2007Shining
24%
Alternative Metal175,285๐Ÿ‡ฌ๐Ÿ‡งSundowning2019Sleep Token
24%
Alternative Metal701,324๐Ÿ‡บ๐Ÿ‡ธScars2001SOiL
24%
Power Metal677,800๐Ÿ‡ซ๐Ÿ‡ฎEcliptica1999Sonata Arctica
24%
Power Metal537,671๐Ÿ‡ซ๐Ÿ‡ฎVisions1997Stratovarius
24%
Atmospheric Black Metal167,195๐Ÿ‡ฆ๐Ÿ‡นStronghold1999Summoning
24%
Doom Metal82,962๐Ÿ‡จ๐Ÿ‡ญMelana Chasmata2014Triptykon
24%
Death Metal319,755๐Ÿ‡ต๐Ÿ‡ฑLitany2000Vader
24%
Melodic Death Metal246,429๐Ÿ‡ซ๐Ÿ‡ฎTime I2012Wintersun
24%
Djent301,683๐Ÿ‡บ๐Ÿ‡ธThe Joy of Motion2014Animals as Leaders
22%
Death Metal86,025๐Ÿ‡ณ๐Ÿ‡ฑLast One on Earth1992Asphyx
22%
Alternative Metal184,815๐Ÿ‡ธ๐Ÿ‡ชHail the Apocalypse2014Avatar
22%
Stoner Metal439,388๐Ÿ‡ฏ๐Ÿ‡ตPink2005Boris
22%
Alternative Metal2,299,474๐Ÿ‡บ๐Ÿ‡ธPhobia2006Breaking Benjamin
22%
Progressive Rock456,451๐Ÿ‡ฌ๐Ÿ‡งMirage1974Camel
22%
Deathgrind155,236๐Ÿ‡บ๐Ÿ‡ธMonolith of Inhumanity2012Cattle Decapitation
22%
Avant-Garde Metal124,274๐Ÿ‡ซ๐Ÿ‡ทParacletus2010Deathspell Omega
22%
Thrash Metal72,945๐Ÿ‡บ๐Ÿ‡ธSlaughter in the Vatican1990Exhorder
22%
Power Metal343,770๐Ÿ‡ฉ๐Ÿ‡ชLand of the Free1995Gamma Ray
22%
Melodic Death Metal284,625๐Ÿ‡ธ๐Ÿ‡ชAbducted1996Hypocrisy
22%
Avant-Garde Metal184,783๐Ÿ‡ซ๐Ÿ‡ทSavage Sinusoid2016Igorrr
22%
Black Metal110,401๐Ÿ‡ซ๐Ÿ‡ฎUgra-Karma1993Impaled Nazarene
22%
Deathcore137,036๐Ÿ‡บ๐Ÿ‡ธ...And I Return to Nothingness2021Lorna Shore
22%
Stoner Metal451,936๐Ÿ‡บ๐Ÿ‡ธDopes to Infinity1995Monster Magnet
22%
Thrash Metal187,971๐Ÿ‡บ๐Ÿ‡ธGame Over1986Nuclear Assault
22%
Industrial Metal220,751๐Ÿ‡จ๐Ÿ‡ญPassage1996Samael
22%
Death Metal162,542๐Ÿ‡ฌ๐Ÿ‡ทCommunion2008Septicflesh
22%
Melodic Death Metal582,760๐Ÿ‡ธ๐Ÿ‡ชNatural Born Chaos2002Soilwork
22%
Alternative Metal1,738,713๐Ÿ‡บ๐Ÿ‡ธCome What(ever) May2006Stone Sour
22%
Glam Metal94,709๐Ÿ‡บ๐Ÿ‡ธTo Hell With the Devil1986Stryper
22%
Progressive Metal317,961๐Ÿ‡บ๐Ÿ‡ธThe Odyssey2002Symphony X
22%
Hard Rock530,631๐Ÿ‡ฌ๐Ÿ‡งPhenomenon1974UFO
22%
Black Metal157,108๐Ÿ‡ธ๐Ÿ‡ชCasus Luciferi2003Watain
22%
Symphonic Metal1,170,469๐Ÿ‡ณ๐Ÿ‡ฑMother Earth2000Within Temptation
22%
Brutal Death Metal154,968๐Ÿ‡ง๐Ÿ‡ชGoremageddon: The Saw and the Carnage Done2003Aborted
20%
Blackgaze128,136๐Ÿ‡ซ๐Ÿ‡ทRuines humaines (EP)2006Amesoeurs
20%
Power Metal329,757๐Ÿ‡ง๐Ÿ‡ทTemple of Shadows2004Angra
20%
Metalcore574,435๐Ÿ‡ฌ๐Ÿ‡งAll Our Gods Have Abandoned Us2016Architects
20%
Power Metal410,483๐Ÿ‡ฉ๐Ÿ‡ชThe Metal Opera2001Avantasia
20%
Progressive Metal382,078๐Ÿ‡บ๐Ÿ‡ธColors2007Between the Buried and Me
20%
Progressive Death Metal63,547๐Ÿ‡บ๐Ÿ‡ธHidden History of the Human Race2019Blood Incantation
20%
Doom Metal142,675๐Ÿ‡ฌ๐Ÿ‡งForest of Equilibrium1991Cathedral
20%
Stoner Metal334,950๐Ÿ‡บ๐Ÿ‡ธDeliverance1994Corrosion of Conformity
20%
Post-Metal271,107๐Ÿ‡ธ๐Ÿ‡ชSomewhere Along the Highway2006Cult of Luna
20%
Death Metal234,499๐Ÿ‡ต๐Ÿ‡ฑWinds of Creation2000Decapitated
20%
Melodic Death Metal322,140๐Ÿ‡บ๐Ÿ‡ธThe Dethalbum2007Dethklok
20%
Crossover Thrash167,420๐Ÿ‡บ๐Ÿ‡ธDealing With It!1985D.R.I.
20%
Nu Metal1,560,693๐Ÿ‡บ๐Ÿ‡ธSinner2001Drowning Pool
20%
Pagan Black Metal142,257๐Ÿ‡บ๐Ÿ‡ฆะšั€ะพะฒ ัƒ ะฝะฐัˆะธั… ะบั€ะธะฝะธั†ัั… (Blood in Our Wells)2006Drudkh
20%
Trance Metal104,093๐Ÿ‡ฉ๐Ÿ‡ชTekkno2022Electric Callboy
20%
Metalcore618,350๐Ÿ‡บ๐Ÿ‡ธSupremacy2006Hatebreed
20%
Progressive Black Metal164,645๐Ÿ‡ณ๐Ÿ‡ดAngL2008Ihsahn
20%
Progressive Rock1,580,715๐Ÿ‡บ๐Ÿ‡ธLeftoverture1976Kansas
20%
Nu Metal557,913๐Ÿ‡บ๐Ÿ‡ธXIII2003Mushroomhead
20%
Pagan Black Metal68,247๐Ÿ‡บ๐Ÿ‡ฆะ“ะพะปะพั ัั‚ะฐะปั–2009Nokturnal Mortum
20%
Progressive Metal342,794๐Ÿ‡ธ๐Ÿ‡ชRemedy Lane2002Pain of Salvation
20%
Melodic Metalcore720,294๐Ÿ‡ฆ๐Ÿ‡บHorizons2007Parkway Drive
20%
Atmospheric Black Metal63,060๐Ÿ‡จ๐Ÿ‡ญWinterkaelte2001Paysage d'Hiver
20%
Grindcore188,286๐Ÿ‡บ๐Ÿ‡ธTerrifyer2004Pig Destroyer
20%
Nu Metal1,526,823๐Ÿ‡บ๐Ÿ‡ธSatellite2001P.O.D.
20%
Melodic Black Metal29,949๐Ÿ‡ธ๐Ÿ‡ชFar Away From the Sun1996Sacramentum
20%
Technical Death Metal63,895๐Ÿ‡ณ๐Ÿ‡ฟStare Into Death and Be Still2020Ulcerate
20%
Speed Metal56,638๐Ÿ‡บ๐Ÿ‡ธSkeptics Apocalypse1985Agent Steel
17%
Symphonic Black Metal85,746๐Ÿ‡ซ๐Ÿ‡ทNew Obscurantis Order2001Anorexia Nervosa
17%
Progressive Metal81,529๐Ÿ‡ณ๐Ÿ‡ดBurn the Sun2001Ark
17%
Blackened Death Metal153,559๐Ÿ‡ฆ๐Ÿ‡นLucifer Incestus2003Belphegor
17%
Brutal Death Metal89,298๐Ÿ‡ซ๐Ÿ‡ทIdentisick2006Benighted
17%
Progressive Black Metal177,529๐Ÿ‡ณ๐Ÿ‡ดUrd2012Borknagar
17%
Mathcore145,400๐Ÿ‡บ๐Ÿ‡ธWe Are the Romans1999Botch
17%
Trip Hop453,063๐Ÿ‡บ๐Ÿ‡ธColma1998Buckethead
17%
Black Metal81,696๐Ÿ‡ฆ๐Ÿ‡บPhoenix Rising2000Destrรถyer 666
17%
Avant-Garde Metal57,881๐Ÿ‡ณ๐Ÿ‡ดBlack Medium Current2023Dรธdheimsgard
17%
Nu Metal985,850๐Ÿ‡บ๐Ÿ‡ธFelons and Revolutionaries1999Dope
17%
Grindcore82,516๐Ÿ‡บ๐Ÿ‡ธGore Metal1998Exhumed
17%
Power Metal102,309๐Ÿ‡ฌ๐Ÿ‡งSpace 1992: Rise of the Chaos Wizards2015Gloryhammer
17%
Progressive Metal148,068๐Ÿ‡ฌ๐Ÿ‡งThe Mountain2013Haken
17%
Hard Rock536,499๐Ÿ‡บ๐Ÿ‡ธThe Strange Case Of...2012Halestorm
17%
Melodic Death Metal237,305๐Ÿ‡ซ๐Ÿ‡ฎAbove the Weeping World2006Insomnium
17%
Progressive Metal141,372๐Ÿ‡บ๐Ÿ‡ฆKing of Everything2016Jinjer
17%
Grindcore53,544๐Ÿ‡ณ๐Ÿ‡ฑPutrefaction in Progress2006Last Days of Humanity
17%
Progressive Metal156,948๐Ÿ‡ณ๐Ÿ‡ดBilateral2011Leprous
17%
Progressive Metal278,081๐Ÿ‡บ๐Ÿ‡ธL..... T...... E.........1998Liquid Tension Experiment
17%
Avant-Garde Metal139,407๐Ÿ‡บ๐Ÿ‡ธAesthethica2011Liturgy
17%
Hard Rock495,043๐Ÿ‡ซ๐Ÿ‡ฎGet Heavy2002Lordi
17%
Progressive Rock578,564๐Ÿ‡ฌ๐Ÿ‡งMisplaced Childhood1985Marillion
17%
Pagan Black Metal183,254๐Ÿ‡ซ๐Ÿ‡ฎVerisรคkeet2005Moonsorrow
17%
Progressive Black Metal99,478๐Ÿ‡ฆ๐Ÿ‡บPortal of I2012Ne Obliviscaris
17%
Progressive Metal160,354๐Ÿ‡ฎ๐Ÿ‡ฑMabool: The Story of the Three Sons of Seven2004Orphaned Land
17%
Metalcore67,363๐Ÿ‡ซ๐Ÿ‡ทWelcame2014Rise of the Northstar
17%
Melodic Death Metal344,211๐Ÿ‡ซ๐Ÿ‡ฎNorth From Here1993Sentenced
17%
Alternative Metal167,946๐Ÿ‡จ๐Ÿ‡ฆEternal Blue2021Spiritbox
17%
Gothic Metal377,004๐Ÿ‡ณ๐Ÿ‡ฑMandylion1995The Gathering
17%
Heavy Metal795,078๐Ÿ‡ฉ๐Ÿ‡ฐGuitar Gangsters & Cadillac Blood2008Volbeat
17%
Deathcore353,881๐Ÿ‡บ๐Ÿ‡ธThe Valley2019Whitechapel
17%
Speed Metal199,075๐Ÿ‡ฏ๐Ÿ‡ตBlue Blood1989X JAPAN
17%
Black Metal153,892๐Ÿ‡ณ๐Ÿ‡ดHellfire20051349
15%
Pagan Black Metal126,531๐Ÿ‡ท๐Ÿ‡บGoi, Rode, Goi!2009Arkona
15%
Heavy Metal92,610๐Ÿ‡บ๐Ÿ‡ธSymbol of Salvation1991Armored Saint
15%
Power Metal114,463๐Ÿ‡ซ๐Ÿ‡ฎFrom Hell With Love2019Beast in Black
15%
Heavy Metal751,935๐Ÿ‡บ๐Ÿ‡ธThe Blessed Hellride2003Black Label Society
15%
Deathgrind99,791๐Ÿ‡บ๐Ÿ‡ธExtreme Conditions Demand Extreme Responses1992Brutal Truth
15%
Melodic Black Metal111,594๐Ÿ‡ธ๐Ÿ‡ชSlaughtersun (Crown of the Triarchy)1998Dawn
15%
Melodic Black Metal47,938๐Ÿ‡ธ๐Ÿ‡ชNightwork1998Diabolical Masquerade
15%
Celtic Metal433,117๐Ÿ‡จ๐Ÿ‡ญSlania2008Eluveitie
15%
Nu Metal76,207๐Ÿ‡ซ๐Ÿ‡ทSoma2004Eths
15%
Hard Rock789,088๐Ÿ‡ฌ๐Ÿ‡งWild Frontier1987Gary Moore
15%
Speed Metal233,155๐Ÿ‡ฉ๐Ÿ‡ชTunes of War1996Grave Digger
15%
Alternative Rock1,162,496๐Ÿ‡ซ๐Ÿ‡ฎRazorblade Romance2000HIM
15%
Alternative Rock2,919,453๐Ÿ‡บ๐Ÿ‡ธMake Yourself1999Incubus
15%
Alternative Rock1,189,766๐Ÿ‡บ๐Ÿ‡ธRitual de lo habitual1990Jane's Addiction
15%
Progressive Rock48,734๐Ÿ‡ซ๐Ÿ‡ทHere Comes the Sun2015Klone
15%
Post-Metal139,291๐Ÿ‡ซ๐Ÿ‡ทSeptembre et ses derniรจres pensรฉes2010Les Discrets
15%
Melodic Metalcore501,066๐Ÿ‡บ๐Ÿ‡ธCreatures2010Motionless in White
15%
Crossover Thrash268,305๐Ÿ‡บ๐Ÿ‡ธHazardous Mutation2005Municipal Waste
15%
Grindcore160,619๐Ÿ‡บ๐Ÿ‡ธUnsilent Death2010Nails
15%
Black Metal97,118๐Ÿ‡ฉ๐Ÿ‡ชBlack Metal ist Krieg (A Dedication Monument)2001Nargaroth
15%
Atmospheric Black Metal72,395๐Ÿ‡ท๐Ÿ‡ดOM2006Negurฤƒ Bunget
15%
Heavy Metal69,193๐Ÿ‡บ๐Ÿ‡ธBattle Cry1984Omen
15%
Power Metal276,682๐Ÿ‡ฉ๐Ÿ‡ชBlood of the Saints2011Powerwolf
15%
Hard Rock793,017๐Ÿ‡ฌ๐Ÿ‡งHow Did We Get So Dark?2017Royal Blood
15%
Progressive Rock110,845๐Ÿ‡จ๐Ÿ‡ฆWorlds Apart1981Saga
15%
Post-Metal166,197๐Ÿ‡ฎ๐Ÿ‡ธSvartir Sandar2011Sรณlstafir
15%
Nu Metal710,756๐Ÿ‡บ๐Ÿ‡ธPrimitive2000Soulfly
15%
Hard Rock778,695๐Ÿ‡ฌ๐Ÿ‡งPiledriver1972Status Quo
15%
Symphonic Black Metal94,240๐Ÿ‡ณ๐Ÿ‡ดNexus Polaris1998The Kovenant
15%
Post-Metal198,819๐Ÿ‡ฉ๐Ÿ‡ชPelagial2013The Ocean
15%
Black Metal83,280๐Ÿ‡ณ๐Ÿ‡ดDesert Northern Hell2004Tsjuder
15%
Metalcore249,762๐Ÿ‡ฌ๐Ÿ‡งYou Are We2017While She Sleeps
15%
Blackened Death Metal69,628๐Ÿ‡ฌ๐Ÿ‡งWords That Go Unspoken, Deeds That Go Undone2005Akercocke
13%
Melodic Metalcore922,555๐Ÿ‡บ๐Ÿ‡ธThe Fall of Ideals2006All That Remains
13%
Hard Rock968,716๐Ÿ‡บ๐Ÿ‡ธBlackbird2007Alter Bridge
13%
Melodic Metalcore682,172๐Ÿ‡บ๐Ÿ‡ธConstellations2009August Burns Red
13%
Death Doom Metal221,722๐Ÿ‡ธ๐Ÿ‡ชArcane Rain Fell2005Draconian
13%
Folk Metal117,311๐Ÿ‡ฉ๐Ÿ‡ชSongs of Moors and Misty Fields1997Empyrium
13%
Folk Metal440,015๐Ÿ‡ซ๐Ÿ‡ฎIron2004Ensiferum
13%
Folk Metal240,502๐Ÿ‡ฉ๐Ÿ‡ชSagas2008Equilibrium
13%
Deathcore102,224๐Ÿ‡บ๐Ÿ‡ธOh What the Future Holds2022Fit for an Autopsy
13%
Blackgaze87,628๐Ÿ‡ฆ๐Ÿ‡นIII: Trauma2016Harakiri for the Sky
13%
Technical Thrash Metal91,348๐Ÿ‡บ๐Ÿ‡ธTime Is Up2011Havok
13%
Industrial Metal595,752๐Ÿ‡ฌ๐Ÿ‡งPandemonium1994Killing Joke
13%
Stoner Metal639,577๐Ÿ‡ฆ๐Ÿ‡บInfest the Rats' Nest2019King Gizzard & The Lizard Wizard
13%
Metalcore93,951๐Ÿ‡ซ๐Ÿ‡ทLost in the Waves2021Landmvrks
13%
Alternative Metal251,406๐Ÿ‡ฌ๐Ÿ‡งI Let It In and It Took Everything2020Loathe
13%
Death Metal74,135๐Ÿ‡ธ๐Ÿ‡ชThe Nocturnal Silence1993Necrophobic
13%
Progressive Metal284,682๐Ÿ‡บ๐Ÿ‡ธDead Heart in a Dead World2000Nevermore
13%
Symphonic Black Metal143,982๐Ÿ‡ณ๐Ÿ‡ดIn Defiance of Existence2003Old Man's Child
13%
Progressive Death Metal67,851๐Ÿ‡ฆ๐Ÿ‡ฉSpiritual Migration2013Persefone
13%
Djent319,127๐Ÿ‡บ๐Ÿ‡ธMuse2014Polyphia
13%
Progressive Rock404,330๐Ÿ‡ต๐Ÿ‡ฑSecond Life Syndrome2005Riverside
13%
Technical Death Metal66,045๐Ÿ‡ธ๐Ÿ‡ชIncurso2012Spawn of Possession
13%
Djent209,646๐Ÿ‡ฌ๐Ÿ‡งAltered State2013TesseracT
13%
Avant-Garde Metal75,513๐Ÿ‡ญ๐Ÿ‡บRengeteg2011Thy Catafalque
13%
Atmospheric Black Metal52,921๐Ÿ‡บ๐Ÿ‡ฆFalse Light2022White Ward
13%
Atmospheric Black Metal52,578๐Ÿ‡ฌ๐Ÿ‡งBeware the Sword You Cannot See2015A Forest of Stars
11%
Symphonic Black Metal49,567๐Ÿ‡ซ๐Ÿ‡ฎAs in Gardens, So in Tombs2023...and Oceans
11%
Melodic Metalcore958,613๐Ÿ‡บ๐Ÿ‡ธShadows Are Security2005As I Lay Dying
11%
Deathcore253,545๐Ÿ‡บ๐Ÿ‡ธThe Discovery2011Born of Osiris
11%
Crossover Thrash72,783๐Ÿ‡บ๐Ÿ‡ธRetaliation1987Carnivore
11%
Progressive Death Metal35,021๐Ÿ‡ธ๐Ÿ‡ชMoontower1999Dan Swanรถ
11%
Power Metal481,916๐Ÿ‡บ๐Ÿ‡ธThe Black Halo2005Kamelot
11%
Deathgrind231,107๐Ÿ‡จ๐Ÿ‡ฆSorcery1995Kataklysm
11%
Melodic Black Metal73,751๐Ÿ‡ณ๐Ÿ‡ดArmada2006Keep of Kalessin
11%
Funk Metal477,738๐Ÿ‡บ๐Ÿ‡ธTime's Up1990Living Colour
11%
Celtic Metal245,914๐Ÿ‡ช๐Ÿ‡ธFinisterra2000Mรคgo de Oz
11%
Avant-Garde Metal70,910๐Ÿ‡บ๐Ÿ‡ธLeaving Your Body Map2001maudlin of the Well
11%
Djent113,659๐Ÿ‡ฌ๐Ÿ‡งIn Stasis2022Monuments
11%
Stoner Metal204,406๐Ÿ‡ฌ๐Ÿ‡งFrequencies From Planet Ten1997Orange Goblin
11%
Drum and Bass1,527,144๐Ÿ‡ฆ๐Ÿ‡บImmersion2010Pendulum
11%
Heavy Metal112,005๐Ÿ‡ฉ๐Ÿ‡ฐFuture World1987Pretty Maids
11%
Deathcore194,697๐Ÿ‡ฆ๐Ÿ‡บHate2012Thy Art Is Murder
11%
Gothic Metal312,571๐Ÿ‡ณ๐Ÿ‡ดBeyond the Veil1999Tristania
11%
Folk Metal301,307๐Ÿ‡ซ๐Ÿ‡ฎThe Varangian Way2007Turisas
11%
Melodic Metalcore362,498๐Ÿ‡บ๐Ÿ‡ธThe Oncoming Storm2004Unearth
11%
Djent104,120๐Ÿ‡ธ๐Ÿ‡ชMรฅsstaden2011Vildhjarta
11%
Folk Metal100,979๐Ÿ‡ธ๐Ÿ‡ชTill fjรคlls1998Vintersorg
11%
Death Metal59,132๐Ÿ‡ธ๐Ÿ‡ชRevelation Nausea2001Vomitory
11%
Grindcore86,586๐Ÿ‡ธ๐Ÿ‡ฌHiss2022Wormrot
11%
Groove Metal49,538๐Ÿ‡ณ๐Ÿ‡ฟTลซ2018Alien Weaponry
9%
Trance Metal274,218๐Ÿ‡ธ๐Ÿ‡ชThe Nexus2013Amaranthe
9%
Grindcore173,711๐Ÿ‡ฌ๐Ÿ‡งIn the Constellation of the Black Widow2009Anaal Nathrakh
9%
Progressive Rock102,941๐Ÿ‡ธ๐Ÿ‡ชVemod1993Anekdoten
9%
Melodic Death Metal104,631๐Ÿ‡ฆ๐Ÿ‡บStone's Reach2009Be'lakor
9%
Rap Metal202,748๐Ÿ‡บ๐Ÿ‡ธUrban Discipline1992Biohazard
9%
Groove Metal494,150๐Ÿ‡บ๐Ÿ‡ธThe Impossibility of Reason2003Chimaira
9%
Metalcore246,622๐Ÿ‡บ๐Ÿ‡ธThe Resistance: Rise of the Runaways2014Crown the Empire
9%
Symphonic Metal260,549๐Ÿ‡ณ๐Ÿ‡ฑApril Rain2009Delain
9%
Funeral Doom Metal62,736๐Ÿ‡ฌ๐Ÿ‡งThe Maniacal Vale2008Esoteric
9%
Funeral Doom Metal53,757๐Ÿ‡บ๐Ÿ‡ธAntithesis of Light2005Evoken
9%
Symphonic Metal78,343๐Ÿ‡ซ๐Ÿ‡ทOf Wars in Osyrhia2003Fairyland
9%
Progressive Metal137,392๐Ÿ‡ณ๐Ÿ‡ดLight of Day, Day of Darkness2001Green Carnation
9%
Melodic Black Metal122,212๐Ÿ‡ธ๐Ÿ‡ชPariah2005Naglfar
9%
Industrial Metal446,807๐Ÿ‡ฉ๐Ÿ‡ชWahrheit oder Pflicht2004OOMPH!
9%
Gothic Metal372,535๐Ÿ‡ณ๐Ÿ‡ดAt Sixes and Sevens2002Sirenia
9%
Nu Metal409,396๐Ÿ‡ฌ๐Ÿ‡งBabylon2002Skindred
9%
Progressive Metal159,665๐Ÿ‡ธ๐Ÿ‡ชLykaia2017Soen
9%
Gothic Metal351,017๐Ÿ‡ณ๐Ÿ‡ดAรฉgis1998Theatre of Tragedy
9%
Melodic Black Metal72,137๐Ÿ‡ฉ๐Ÿ‡ชYlem2010Dark Fortress
7%
Industrial Metal307,748๐Ÿ‡ธ๐Ÿ‡ชTermination Bliss2006Deathstars
7%
Stoner Metal120,292๐Ÿ‡บ๐Ÿ‡ธReflections of a Floating World2017Elder
7%
Progressive Death Metal79,867๐Ÿ‡บ๐Ÿ‡ธThe Flesh Prevails2014Fallujah
7%
Power Metal122,667๐Ÿ‡ฏ๐Ÿ‡ตAngel of Salvation2012Galneryus
7%
Hard Rock215,316๐Ÿ‡ธ๐Ÿ‡ชHisingen Blues2011Graveyard
7%
Power Metal194,414๐Ÿ‡ซ๐Ÿ‡ทVirus2006Heavenly
7%
Melodic Metalcore392,332๐Ÿ‡ฉ๐Ÿ‡ชAntigone2004Heaven Shall Burn
7%
Metalcore55,531๐Ÿ‡บ๐Ÿ‡ธOnly Self2018Jesus Piece
7%
Pagan Black Metal80,970๐Ÿ‡ณ๐Ÿ‡ดMellom skogkledde aaser1997Kampfar
7%
Power Metal108,778๐Ÿ‡ธ๐Ÿ‡ชA Flame to the Ground Beneath2003Lost Horizon
7%
Deathgrind107,425๐Ÿ‡บ๐Ÿ‡ธHeirs to Thievery2010Misery Index
7%
Grindcore107,449๐Ÿ‡บ๐Ÿ‡ธHeirs to Thievery2010Misery Index
7%
Alternative Metal208,019๐Ÿ‡ฆ๐Ÿ‡บAlien2019Northlane
7%
Death Doom Metal105,375๐Ÿ‡ฎ๐Ÿ‡นClassica2000Novembre
7%
Power Metal96,869๐Ÿ‡ฉ๐Ÿ‡ชTo the End2012Orden Ogan
7%
Melodic Death Metal243,048๐Ÿ‡ธ๐Ÿ‡ชHolographic Universe2008Scar Symmetry
7%
Alternative Rock719,436๐Ÿ‡ฌ๐Ÿ‡งPost Orgasmic Chill1999Skunk Anansie
7%
Folk Metal74,160๐Ÿ‡ฌ๐Ÿ‡งPrince of the Poverty Line1994Skyclad
7%
Death Doom Metal197,433๐Ÿ‡ซ๐Ÿ‡ฎThe Morning Never Came2003Swallow the Sun
7%
Nu Metal55,963๐Ÿ‡บ๐Ÿ‡ธMatriphagy2020Tallah
7%
Djent132,988๐Ÿ‡ณ๐Ÿ‡ฑSilhouettes2008Textures
7%
Melodic Death Metal37,887๐Ÿ‡ธ๐Ÿ‡ชDays of the Lost2022The Halo Effect
7%
Deathcore223,016๐Ÿ‡บ๐Ÿ‡ธThe Common Man's Collapse2008Veil of Maya
7%
Thrash Metal97,233๐Ÿ‡บ๐Ÿ‡ธWaking Into Nightmares2009Warbringer
7%
Stoner Metal75,983๐Ÿ‡ฌ๐Ÿ‡ทSuper Van Vacation20111000mods
4%
Symphonic Metal324,985๐Ÿ‡ณ๐Ÿ‡ฑDecipher2001After Forever
4%
Symphonic Black Metal88,296๐Ÿ‡ฉ๐Ÿ‡ชBlacken the Angel1998Agathodaimon
4%
Technical Death Metal73,665๐Ÿ‡บ๐Ÿ‡ธApoptosis2019Allegaeon
4%
Trip Hop221,011๐Ÿ‡ฌ๐Ÿ‡งSaviour2002Antimatter
4%
Black Metal70,505๐Ÿ‡ซ๐Ÿ‡ฎBy the Blessing of Satan2004Behexen
4%
Power Metal103,874๐Ÿ‡ธ๐Ÿ‡ชNosferatu2006Bloodbound
4%
Melodic Metalcore210,447๐Ÿ‡ฌ๐Ÿ‡งCannibal2020Bury Tomorrow
4%
Metalcore151,604๐Ÿ‡บ๐Ÿ‡ธUnderneath2020Code Orange
4%
Darksynth207,319๐Ÿ‡บ๐Ÿ‡ธOut of Body2013Dance with the Dead
4%
Groove Metal566,078๐Ÿ‡บ๐Ÿ‡ธThe Fury of Our Maker's Hand2005DevilDriver
4%
Industrial Metal231,615๐Ÿ‡ฉ๐Ÿ‡ชSilent So Long2014Emigrate
4%
Progressive Metal235,765๐Ÿ‡ธ๐Ÿ‡ชIn Search of Truth2001Evergrey
4%
Progressive Death Metal93,504๐Ÿ‡ธ๐Ÿ‡ชThe Weight of Oceans2012In Mourning
4%
Atmospheric Black Metal71,808๐Ÿ‡ณ๐Ÿ‡ดHEart of the Ages1995In the Woods...
4%
Melodic Metalcore312,788๐Ÿ‡จ๐Ÿ‡ฆKezia2006Protest the Hero
4%
Progressive Metal70,693๐Ÿ‡ฉ๐Ÿ‡ฐParadox1997Royal Hunt
4%
Death Doom Metal92,709๐Ÿ‡ฉ๐Ÿ‡ฐVeronika Decides to Die2006Saturnus
4%
Hard Rock1,397,134๐Ÿ‡บ๐Ÿ‡ธThe Sound of Madness2008Shinedown
4%
Alternative Rock1,810,756๐Ÿ‡ฌ๐Ÿ‡งWord Gets Around1997Stereophonics
4%
Symphonic Black Metal59,308๐Ÿ‡ฎ๐Ÿ‡นMare Nostrum2008Stormlord
4%
Doom Metal193,529๐Ÿ‡ธ๐Ÿ‡ชThe Alchemist2007Witchcraft
4%
Melodic Metalcore256,029๐Ÿ‡บ๐Ÿ‡ธDeliver Us2007Darkest Hour
2%
Post-Metal108,159๐Ÿ‡ซ๐Ÿ‡ฎIsolation Songs2009Ghost Brigade
2%
Groove Metal88,280๐Ÿ‡บ๐Ÿ‡ธReluctant Hero2020Killer Be Killed
2%
Death Doom Metal85,065๐Ÿ‡ธ๐Ÿ‡ชRain Without End1997October Tide
2%
Post-Metal438,570๐Ÿ‡บ๐Ÿ‡ธEnter2006Russian Circles
2%
Progressive Metal116,122๐Ÿ‡บ๐Ÿ‡ธThe Migration2013Scale the Summit
2%
Grunge143,519๐Ÿ‡บ๐Ÿ‡ธOurs Is Chrome2015Superheaven
2%
Celtic Metal60,912๐Ÿ‡ง๐Ÿ‡ทTrova di Danรบ2004Tuatha de Danann
2%
Progressive Rock156,185๐Ÿ‡ต๐Ÿ‡ฑWalking on a Flashlight Beam2014Lunatic Soul
0%
Metalcore151,122๐Ÿ‡บ๐Ÿ‡ธOf Malice and the Magnum Heart2004Misery Signals
0%
Melodic Death Metal143,853๐Ÿ‡ซ๐Ÿ‡ฎThe Unborn2005Mors Principium Est
0%

Score Distribution

Percentile by Number Answered

Percent of People with Each Score

Your Score History

You have not taken this quiz since the last reset